Gare sur la ligne entre Beauvais et Le Tréport - Statistiques

Statistiques générales
  • Ce quiz a été pris 10 fois
  • Le résultat moyen est 7 sur 13
Statistiques - réponses
Département Gare % Correct
Oise (60) Beauvais
100%
Oise (60) Abancourt
70%
(76) Eu
70%
(60) Grandvilliers
70%
Seine-Maritime (76) Le Tréport - Mers-les-Bains
60%
(60) Marseille-en-Beauvaisis
60%
Seine-Maritime (76) Aumale
50%
(76) Blangy-sur-Bresle
40%
(60) Feuquières - Broquiers
40%
(60) Milly-sur-Thérain
40%
(60) Saint-Omer-en-Chaussée
40%
(76) Longroy-Gamaches
30%
(60) Herchies
20%
Aucun quiz correspondant
Distribution des résultats
% des personnes avec chaque résultat
Percentile par nombre de réponses
Votre historique - résultats
Vous n’avez pas pris ce quiz